000 00507cam a2200205 4500
001 770965
005 20180118070150.0
008 721221s1973 nyua 001 0 eng
010 _a 72013885
020 _a0070610061
040 _aDLC
_cDLC
_dDLC
041 _aeng
080 _a515.15 STE
082 0 0 _a515.15 STE
100 1 _a36
101 _aMAT
245 1 0 _aCalculus and analytic geometry
_c[by] Sherman K. Stein.
906 _a7
_bcbc
_corignew
_d1
_eocip
_f19
_gy-gencatlg
942 _2ddc
_cBK
999 _c40469
_d40469